Improving group decision making in organizations: Approaches from theory and research (Record no. 7959)

000 -LEADER
fixed length control field 00322nam a2200109Ia 4500
008 - FIXED-LENGTH DATA ELEMENTS--GENERAL INFORMATION
fixed length control field 201217s9999 xx 000 0 und d
100 ## - MAIN ENTRY--PERSONAL NAME
Personal name Guzzo, Richard A.
245 #0 - TITLE STATEMENT
Title Improving group decision making in organizations: Approaches from theory and research
260 ## - PUBLICATION, DISTRIBUTION, ETC.
Place of publication, distribution, etc. New York
Name of publisher, distributor, etc. Academic Press
300 ## - PHYSICAL DESCRIPTION
Extent 160
942 ## - ADDED ENTRY ELEMENTS (KOHA)
Koha item type Books
Holdings
Withdrawn status Lost status Damaged status Not for loan Permanent Location Date acquired Full call number Barcode Date last seen Price effective from Koha item type
        IMU Kolkata 2020-12-17 658.4036 G993 PM03199 2020-12-17 2020-12-17 Books
Designed and Maintained by IMU-KC Library, Kolkata Campus © Copyright All Rights Reserved

webs counters

Powered by Koha